Alfonso Comín, esperança en la història : La persona de Comín i el debat cristianisme-marxisme en la perspectiva d'un cristianisme d'alliberament / Albert Marzà ; pròleg de Josep M. Rovira Belloso La persona de Comín i el debat cristianisme-marxisme en la perspectiva d'un cristianisme d'alliberament / Albert Marzà ; pròleg de Josep M. Rovira Belloso
Descripción Física:
251 p. ; 21 cm
Colección:
Llibres a l'abast ; 282
Otros Autores:
Rovira Belloso, Josep M., pr
MARC
| LEADER | 00000nam a2200000Ia 4500 | ||
|---|---|---|---|
| 001 | 11110 | ||
| 008 | 160829s1995 xx 000 0 cat d | ||
| 080 | |a H-1-274 | ||
| 100 | |a Marzà, Albert |9 29195 | ||
| 245 | |a Alfonso Comín, esperança en la història : |b La persona de Comín i el debat cristianisme-marxisme en la perspectiva d'un cristianisme d'alliberament / Albert Marzà ; pròleg de Josep M. Rovira Belloso | ||
| 260 | |a Barcelona : |b Edicions 62, |c 1995 | ||
| 300 | |a 251 p. ; |c 21 cm | ||
| 490 | |a Llibres a l'abast ; 282 | ||
| 600 | 1 | 0 | |a Comín, Alfonso C. |q (Alfonso Carlos), |d 1932-1980 |9 54338 |
| 700 | |a Rovira Belloso, Josep M., pr. |9 29197 | ||
| 901 | |a Arxiu | ||
| 942 | |n 1 | ||
| 952 | |0 0 |1 0 |4 0 |6 H1274 |7 1 |9 45099 |a Arxiu |b Arxiu |d 2016-12-01 |l 0 |o H-1-274 |p 11110 |r 2016-12-01 00:00:00 |w 2016-12-01 |y ARXIU | ||
| 999 | |c 47719 |d 47719 | ||